00789nam a2200229Ia 4500003000900000005001700009008004100026020001800067040002800085100002000113245007600133250001100209260002600220300004200246490002200288650004200310650005200352650005300404650003800457650003600495700002800531CO-ViMGA20230915233129.0141031s9999 xx 000 0 und d a9789588639062 aCO-ViMGAbspacCO-ViMGA10aBuitrago, Jairo10aJimmy, el más grande cJairo Buitrago ; ilustrado por Rafael Yockteng a1a ed. aBogotábLumenc2010 a42 pg̀inas bilustraciones c23 cm. aLeer es mi cuento14a Autores colombianos 2LEMBxSiglo XX14a Cuentos infantiles colombianos2LEMBxSiglo XX14a Literatura infantil colombiana 2LEMBySiglo XX14aBoxeadores en la literatura2LEMB14aPueblos en la literatura 2LEMB10aYockteng, Rafael, 1976-